To była dekada- Ważne wydarzenia 1990-1999 - Statystyki

Ogólne statystyki
  • Ten quiz został rozwiązany 311 razy
  • Średni wynik to 9 z 20
Statystyki odpowiedzi
Rok Wydarzenie Odpowiedź % Poprawnych
1991 Dochodzi do rozpadu tego kraju. Związek Radziecki
86%
1990 Dochodzi do zjednoczenia tego kraju. Niemcy
74%
1997 W wypadku samochodowym w Paryżu, ginie księżna Walii o tym imieniu. Diana
72%
1996 Świat obiega mania zbierania tych stworków. Pokémon
71%
1997 Wielka Brytania, przekazuje gospodarowanie tym miastem Chińskiej Republice Ludowej. Hong Kong
63%
1991 Na tą chorobę umiera frontman zespołu Queen. AIDS
60%
1994 Na antenie NBC, startuje sitcom o codziennym życiu na Manhattanie szóstki młodychludzi. Przyjaciele
60%
1992 Rozpoczyna się oblężenie tego miasta przez siły Jugosławii (Republiki Serbskiej). Sarajewo
58%
1995 W zamachu ginie Yitzhak Rabin, premier tego kraju. Izrael
57%
1990 Irak dokonuje inwazji na ten kraj rozpoczynając pierwszą wojnę w Zatoce Perskiej. Kuwejt
56%
1993 Ratyfikacja Traktatu z Maastricht powołuje do życia tą organizację. Unia Europejska
52%
1996 Owca o tym imieniu zostaje pierwszym sklonowanym ssakiem. Dolly
51%
1994 Siły zbrojne Federacji Rosyjskiej wkraczają na teren tego małego kraju, który ogłosił swoją niepodległość. Czeczenia
48%
1998 W Menlo Park swoje życie rozpoczyna ten gigant informatyczny. Google
29%
1992 W tym amerykańskim mieście dochodzi do największych zamieszek w historii USA. Los Angeles
29%
1993 W podziemiach tego budynku dochodzi do wybuchu bomby, która zabija 6 osób. World Trade Center
21%
1999 Trzęsienie ziemi w tym kraju zabija ponad 17 000 osób. Turcja
18%
1999 Na terenie tej szkoły w USA dochodzi do jednej z najtragiczniejszych strzelanin. Columbine High School
11%
1995 W tym mieście dochodzi do zamachu bombowego przed budynkiem federalnym im. Alfreda P. Murraha. Oklahoma City
7%
1998 Na Nintendo 64 zostaje wydana najwyżej oceniana gra wszech czasów. Legend of Zelda: Ocarina of Time
3%
Nie znaleziono quizów pasujących do podanych kryteriów
Rozkład punktacji
Procent ludzi z każdym wynikiem
Percentyl według liczby udzielonych odpowiedzi
Twoja historia wyników
Nie rozwiązałeś tego quizu